| 000 | 00000nam##2200000za#4500 |
| 001 | 9.644145 |
| 003 | CaOODSP |
| 005 | 20250506145323 |
| 007 | cr ||||||||||| |
| 008 | 150407|1991||||xxc|||||o f|0| 0 fre|d |
| 040 | |aCaOODSP|bfre |
| 043 | |an-cn--- |
| 086 | 1 |aA63-1858/1991F-PDF |
| 110 | 1 |aCanada.|bAgriculture Canada. |
| 245 | 13|aLa météorisation chez les bovins / |h[ressource électronique]|c[par] R. E. Howarth [...] et al., production du Service aux programmes de recherches. |
| 260 | |aOttawa - Ontario : |bAgriculture Canada |cAvril 1991. |
| 300 | |a40p.|bfigures, graphiques, tableaux, photographies |
| 500 | |a«Digitized by the Internet Archive in 2012 with funding from Agriculture and Agri-Food Canada - Agriculture et Agroalimentaire Canada»--p. 2 de 40. |
| 504 | |aBibliographie. |
| 590 | |a15-01-Supp|b2015-01-26 |
| 691 | 07|aBovin|2gcpds |
| 691 | 07|aMaladie animale|2gcpds |
| 775 | 08|tBloat in cattle / |w(CaOODSP)9.699989 |
| 776 | 0#|tLa météorisation chez les bovins / |w(CaOODSP)9.678710 |
| 856 | 40|ahttp://publications.gc.ca|qPDF|s2.56 Mo|uhttps://publications.gc.ca/collections/collection_2014/aac-aafc/agrhist/A63-1858-1991-fra.pdf |